Countries with the Lowest GDP per Square Kilometer - Statistics

General Stats
  • This quiz has been taken 24 times
  • The average score is 14 of 20
Answer Stats
$ / sq km Country % Correct
58651 Mali
95%
11769 Central African Republic
90%
44122 Chad
90%
85617 Democratic Republic of the Congo
90%
38867 Mauritania
90%
48173 Niger
86%
46850 Mongolia
81%
45697 Namibia
81%
50962 Somalia
81%
18372 South Sudan
81%
70466 Libya
76%
77288 Mozambique
76%
62444 Sudan
76%
90998 Botswana
67%
103928 Papua New Guinea
67%
54158 Eritrea
62%
102515 Liberia
38%
89995 Suriname
29%
74924 Solomon Islands
19%
87456 Vanuatu
19%
No matching quizzes found
Score Distribution
Percent of People with Each Score
Percentile by Number Answered
Your Score History
You have not taken this quiz